Statistics for F1 Podiums 1979

Click here to take the quiz!

General Stats

  • This quiz has been taken 105 times
  • The average score is 12 of 14

Answer Stats

Answer% Correct
Alan Jones
100%
Jody Scheckter
100%
Mario Andretti
100%
Carlos Reutemann
93%
Nelson Piquet
93%
Gilles Villeneuve
89%
Rene Arnoux
84%
Jacques Laffite
80%
Jean-Pierre Jabouille
80%
Clay Regazzoni
75%
Didier Pironi
73%
Patrick Depailler
70%
John Watson
68%
Jean-Pierre Jarier
48%

Score Distribution

Percentile by Number Answered

Percent of People with Each Score

Your Score History

You have not taken this quiz